LEADER 00701nam a2200217 i 4500 001 991004354137407536 005 20241128112240.0 008 241128s1951 fr 00| 0 fre d 040 $aBibl. Dip.le Aggr. Studi Umanistici - Sez. Filosofia$bita$cSocioculturale Scs 041 0 $afre 082 04$a181.06$223 100 1 $aSérouya, Henri$0408183 245 10$aMaimonide :$bsa vie, son oeuvre, avec un exposé de sa philosophie /$cpar Henri Sérouya 260 $aParis :$bPresses universitaires de France,$c1951 300 $a152 p. ;$c19 cm 490 1 $aPhilosophes 600 14$aMaimonide 830 0$aPhilosophes 912 $a991004354137407536 996 $aMaïmonide$9748022 997 $aUNISALENTO